Missing Word: William Faulkner Quiz Stats

 Plays Quiz not verified by Sporcle

Score 0/16 Timer 02:00
0 Plays Today
William Faulkner Title Missing Word % Correct
As I Lay ___Dying
97.4%
The ___ and the FurySound
94.8%
___, Absalom!Absalom
90.3%
Light in ___August
74.3%
Go Down, ___Moses
67.9%
___ for a NunRequiem
48.1%
___ in the DustIntruder or Flags
32.8%
Soldiers' ___Pay
32.8%
William Faulkner Title Missing Word % Correct
Faulkner's County: Tales of ___ CountyYoknapatawpha
25%
The ___, a Reminiscense Reivers
14.6%
Dry ___September
5.2%
The ___ TreeWishing
4.9%
Idyll in the ___Desert
4.1%
___ on a HorsethiefNotes
3.7%
Doctor ___Martino
2.2%
Miss ___ GantZilphia
2.2%

You're not logged in!

Compare scores with friends on all Sporcle quizzes.
OR
Log In

Show Comments

Extras

Top Quizzes Today


Score Distribution

Your Account Isn't Verified!

In order to create a playlist on Sporcle, you need to verify the email address you used during registration. Go to your Sporcle Settings to finish the process.

Report this User

Report this user for behavior that violates our Community Guidelines.

Details: